Представление документа в формате RUSMARC

ПолеНазваниеЗначение
  Тип записи a
  Библиографический уровень m
001 Контрольный номер RU/SLIB/B/208721137
005 Дата корректировки 20221027163645.3
010 Индекс ISBN __
d Цена 3000-00
101 Язык документа 0_
a Язык текста rus
200 Заглавие и сведения об ответственности 1_
a Заглавие Обычное право крепостной деревни России XVIII - начало XIX вв.
e Сведения, относящиеся к заглавию отв. ред. В. К. Гарданов
b Общее обозначение материала Текст
210 Выходные данные 1_
a Место издания М.
c Издательство Наука
d Дата издания 1984
215 Физическое описание __
a Объем 254 с.
606 Тематические рубрики __
a Основная рубрика История государства и права
z Хронологическая подрубрика 18 в.; 19 в.
y Географическая подрубрика Россия
610 Ключевые слова 0_
a Ключевые слова крепостной строй; крепостная Россия
686 Индексы других классификаций __
a Классификационный индекс 67.3(2)5
700 Автор _1
a Фамилия Александров
b Имя В. А.
4 Код отношения 070
801 Источник записи _0
a Страна RU
b Организация Муниципальное бюджетное учреждение культуры "Централизованная библиотечная система" г. Сургут (Центральная городская библиотека им. А. С. Пушкина)
g Правила каталогизации КиК/Лебедева
801 Источник записи _1
a Страна RU
b Организация Муниципальное бюджетное учреждение культуры "Централизованная библиотечная система" г. Сургут (Центральная городская библиотека им. А. С. Пушкина)
g Правила каталогизации КиК/Лебедева
852 Данные о местонахождении __
j Шифр хранения 67.3(2)5
c Каталожный индекс 67.3(2)
i Авторский знак А 45
p Инвентарный номер 49783
901 Тип документа __
t Тип документа m
903 Характеристики (МАРС) __
a Дата передачи 20010628
990 Данные о заказе (DOS) __
j Количество экземпляров (DOS) 1
t N записи в КСУ для И/У (DOS) 199401